|
|
|
|
| LEADER |
00946pam a22002418a 4500 |
| 001 |
00045390 |
| 005 |
20200317160355.0 |
| 008 |
170920s2016 ||||||Viesd |
| 020 |
# |
# |
|c 0
|a 978 604 9838 66 8
|
| 041 |
0 |
# |
|a Vie
|
| 082 |
1 |
4 |
|a 398.209 597
|b Đ301D
|
| 100 |
# |
# |
|e biên soạn
|a Vũ, Quang Dũng
|
| 245 |
0 |
0 |
|a Địa danh Việt Nam qua truyện kể dân gian
|c Vũ Quang Dũng (biên soạn)
|
| 260 |
# |
# |
|a Hà Nội
|b Hội nhà Văn
|c 2019
|
| 300 |
# |
# |
|a 679 tr.
|c 21 cm.
|
| 500 |
# |
# |
|a ĐTTS ghi: Liên hiệp các hội văn học nghệ thuật Việt Nam. Hội văn học nghệ thuật các dân tộc thiểu số Việt Nam
|
| 653 |
# |
# |
|a Truyện kể
|
| 653 |
# |
# |
|a Việt Nam
|
| 653 |
# |
# |
|a Văn học dân gian
|
| 653 |
# |
# |
|a Địa danh
|
| 852 |
# |
# |
|j KD.0026542
|
| 910 |
# |
# |
|d 4/3/2020
|
| 980 |
# |
# |
|a Trung tâm Học liệu Lê Vũ Hùng, Trường Đại học Đồng Tháp
|